ARRUPE JESUIT UNIVERSITY

CORONAVIRUS -STOP THE SPREAD - CLEAN,DISINFECT,COVER

SADC: (Record no. 130018)

MARC details
000 -LEADER
fixed length control field 00664nam a22001937a 4500
008 - FIXED-LENGTH DATA ELEMENTS--GENERAL INFORMATION
fixed length control field 191113b ||||| |||| 00| 0 eng d
020 ## - INTERNATIONAL STANDARD BOOK NUMBER
International Standard Book Number 1-77905-087-9
050 ## - LIBRARY OF CONGRESS CALL NUMBER
Classification number HC900.E96
100 ## - MAIN ENTRY--PERSONAL NAME
Personal name Evans, David
9 (RLIN) 48642
245 ## - TITLE STATEMENT
Title SADC:
Remainder of title the cost of Non-Integration
Statement of responsibility, etc / by David Evans, Peter Holmes and Ibbo Mandaza
260 ## - PUBLICATION, DISTRIBUTION, ETC. (IMPRINT)
Place of publication, distribution, etc Harare:
Name of publisher, distributor, etc SAPES Books,
Date of publication, distribution, etc 1999.
300 ## - PHYSICAL DESCRIPTION
Extent 69p. ;
Dimensions 21cm.
650 ## - SUBJECT ADDED ENTRY--TOPICAL TERM
Topical term or geographic name as entry element Southern African Development Community
9 (RLIN) 28894
650 ## - SUBJECT ADDED ENTRY--TOPICAL TERM
Topical term or geographic name as entry element Africa, Southern
General subdivision Economy integration
9 (RLIN) 48643
650 ## - SUBJECT ADDED ENTRY--TOPICAL TERM
Topical term or geographic name as entry element Africa, Southern
General subdivision Economy policy
9 (RLIN) 48644
700 ## - ADDED ENTRY--PERSONAL NAME
Personal name Holmes, Peter
9 (RLIN) 48645
700 ## - ADDED ENTRY--PERSONAL NAME
Personal name Mandaza, Ibbo
9 (RLIN) 23206
942 ## - ADDED ENTRY ELEMENTS (KOHA)
Source of classification or shelving scheme Library of Congress Classification
Item type Monograph ( Printed materials)
Holdings
Withdrawn status Lost status Source of classification or shelving scheme Damaged status Not for loan Collection code Home library Current library Shelving location Date acquired Total Checkouts Full call number Barcode Date last seen Price effective from Koha item type
    Library of Congress Classification     Main Collection ARRUPE LIBRARY ARRUPE LIBRARY Main Collection 13/11/2019   HC900.E96 46600005827 13/11/2019 13/11/2019 Monograph ( Printed materials)

 

Arrupe Library. PO Box MP320 Mt Pleasant, Harare, Zimbabwe
263 242 745411|librarian@aju.ac.zw